Coupe du monde des clubs de la FIFA 2025 - Clubs - Mort subite - Statistiques

Statistiques générales
  • Ce quiz a été pris 639 fois
    345 depuis la dernière actualisation
  • Le résultat moyen est 18 sur 32
Answers on the Grid
Answers color-coded by a green-red scale on the quiz's grid according to % correct below.
Al-Hilal FC
Urawa Red Diamonds
Al-Aïn FC
Ulsan HD
Al Ahly SC
Wydad AC
ES Tunis
Mamelodi Sundowns FC
CF Monterrey
Sounders de Seattle
Los Angeles FC
CF Pachuca
SE Palmeiras
CR Flamengo
Fluminense FC
Botafogo FR
River Plate
Boca Juniors
Auckland City
Chelsea FC
Real Madrid
Manchester City
Bayern Munich
Paris Saint-Germain
Inter Milan
FC Porto
SL Benfica
Borussia Dortmund
Juventus FC
Atlético de Madrid
RB Salzbourg
Inter Miami CF
Pohang Steelers
Yokohama F. Marinos
Kaizer Chiefs
TP Mazembe
Club América
Pumas UNAM
Athletico Paranaense
Atlético Mineiro
PSV Eindhoven
SSC Napoli
FC Barcelone
Arsenal FC
RB Leipzig
AC Milan
Galatasaray S.K.
Tottenham Hotspur
 
Statistiques - réponses
Réponse % Correct
Real Madrid
78%
Chelsea FC
74%
Paris Saint-Germain
74%
Bayern Munich
73%
Inter Miami CF
73%
Manchester City
72%
Atlético de Madrid
71%
Botafogo FR
66%
Al-Hilal FC
65%
Borussia Dortmund
64%
Fluminense FC
63%
Juventus FC
62%
SE Palmeiras
60%
Auckland City
58%
CR Flamengo
58%
Inter Milan
58%
SL Benfica
57%
Boca Juniors
54%
CF Monterrey
54%
Sounders de Seattle
52%
ES Tunis
51%
FC Porto
50%
Los Angeles FC
49%
River Plate
48%
RB Salzbourg
47%
Al Ahly SC
45%
CF Pachuca
43%
Wydad AC
42%
Al-Aïn FC
40%
Urawa Red Diamonds
38%
Mamelodi Sundowns FC
36%
Ulsan HD
29%
Aucun quiz correspondant
Distribution des résultats
% des personnes avec chaque résultat
Percentile par nombre de réponses
Votre historique - résultats
Vous n’avez pas pris ce quiz depuis la dernière actualisation